| 000 | 01149 a2200205 4500 | ||
|---|---|---|---|
| 020 | _a0471316482 | ||
| 020 | _a9780471316480 | ||
| 082 | 0 | 4 | _a658.562 |
| 090 |
_c725 _d725 |
||
| 100 | 1 | _aMontgomery, Douglas C. | |
| 245 | 1 | 0 |
_aIntroduction to statistical quality control / _cDouglas C. Montgomery. |
| 250 | _a4th ed. | ||
| 260 |
_a[S.l.] : _bWiley, _c2000. |
||
| 300 |
_a816 p. ; _c25 cm. |
||
| 500 | _aHardcover. | ||
| 520 | _aThis book is about the use of modern statistical methods for quality control and improvement. It provides comprehensive coverage of the subject from basic principles to state-of-art concepts and applications. The objective is to give the reader a sound understanding of the principles and the basis for applying them in a variety of both product and nonproduct situations. While statistical techniques are emphasized throughout, the book has a strong engineering and management orientation. | ||
| 856 | 4 | 0 |
_3Amazon.com _uhttp://www.amazon.com/exec/obidos/ASIN/0471316482/chopaconline-20 |
| 856 | 4 | 0 |
_3Amazon customer reviews _uhttp://www.chopac.org/cgi-bin/tools/azrev.pl?q=0471316482 |
| 942 |
_aNBS _cBK _k658.562 MON |
||
| 999 |
_c343278 _d343278 |
||